[Event "Druzynowe Mistrzostwa Polski - II Liga Seniorow"]
[Site "Ustron/Slaski Zwiazek Szachowy"]
[Date "2008.09.14"]
[Round "9.1"]
[White "Murdzia, Piotr"]
[Black "Mista, Aleksander"]
[Result "-"]
[WhiteTitle "IM"]
[BlackTitle "GM"]
[WhiteElo "2481"]
[BlackElo "2539"]

1. e4 c6 2. d4 d5 3. Nc3 dxe4 4. Nxe4 Bf5 5. Ng3 Bg6 6. Nf3 Nd7 7. Bd3 Bxd3 8.
Qxd3 Ngf6 9. O-O e6 10. b3 Bd6 1/2-1/2

[Event "Druzynowe Mistrzostwa Polski - II Liga Seniorow"]
[Site "Ustron/Slaski Zwiazek Szachowy"]
[Date "2008.09.14"]
[Round "9.2"]
[White "Tomczak, Rafal"]
[Black "Rawski, Slawomir"]
[Result "-"]
[WhiteTitle "FM"]
[BlackTitle "k+"]
[WhiteElo "2350"]
[BlackElo "2210"]

1. e4 e6 2. Nc3 d5 3. Nf3 Nf6 4. e5 Nfd7 5. d4 Be7 6. Bd3 b6 7. Ne2 Ba6 8. c3
Bxd3 9. Qxd3 c5 10. h4 Nc6 11. Bd2 a6 12. Ng5 Nf8 13. Qf3 f6 14. Qh5+ Kd7 15.
exf6 gxf6 16. Nxe6 Nxe6 17. Qxd5+ Bd6 18. dxc5 Nxc5 19. O-O-O Qg8 20. Qf3 Ne5
21. Qf5+ Kc7 22. Nf4 Qxa2 23. Be3 Nc4 24. Rxd6 Qxb2+ 25. Kd1 Qb3+ 26. Ke2 Nxd6
27. Qxf6 Qc4+ 28. Kf3 Raf8 29. Qe7+ Kc6 30. Rd1 Qe4+ 0-1

[Event "Druzynowe Mistrzostwa Polski - II Liga Seniorow"]
[Site "Ustron/Slaski Zwiazek Szachowy"]
[Date "2008.09.14"]
[Round "9.3"]
[White "Walkusz, Witoslaw"]
[Black "Budrewicz, Krzysztof"]
[Result "-"]
[WhiteTitle "k+"]
[BlackTitle "m"]
[WhiteElo "2151"]
[BlackElo "2333"]

1. e4 c6 2. d3 g6 3. Nf3 Bg7 4. g3 d6 5. Bg2 Nf6 6. O-O O-O 7. Nbd2 Nbd7 8. Re1
e5 9. b4 d5 10. a4 Re8 11. b5 Nc5 12. Bb2 d4 13. Nc4 Nxa4 14. bxc6 b5 15. Rxa4
bxa4 16. Nfxe5 Be6 17. Qa1 Ng4 18. Nxg4 Bxg4 19. e5 Be6 20. Nd6 Bf8 21. Nxe8
Qxe8 22. Qxa4 a5 23. Bxd4 Qd8 24. c7 Qc8 25. Rb1 Bd7 26. Bc6 Bxc6 27. Qxc6 Bb4
28. c3 Ra6 29. Qc4 1-0

[Event "Druzynowe Mistrzostwa Polski - II Liga Seniorow"]
[Site "Ustron/Slaski Zwiazek Szachowy"]
[Date "2008.09.14"]
[Round "9.4"]
[White "Lisowski, Krzysztof"]
[Black "Zdrojewski, Wojciech"]
[Result "-"]
[WhiteTitle "k"]
[BlackTitle "I"]
[WhiteElo "2199"]
[BlackElo "2190"]

1. e4 Nf6 2. e5 Nd5 3. d4 d6 4. c4 Nb6 5. exd6 exd6 6. Nc3 Be7 7. Bd3 Nc6 8.
Nge2 Bg4 9. f3 Bh5 10. O-O O-O 11. b3 Bg6 12. Be3 Re8 13. Bf2 Bf8 14. Qd2 Bxd3
15. Qxd3 d5 16. c5 Nc8 17. Nf4 N8e7 18. Rfe1 g6 19. Nfxd5 Nxd5 20. Rxe8 Qxe8
21. Nxd5 Qd8 22. Qe4 Bg7 23. Re1 Kf8 24. b4 f5 25. Qe6 Nxd4 26. Bxd4 Bxd4+ 27.
Kh1 c6 28. Ne7 Kg7 29. Rd1 Kf8 30. Nxg6+ hxg6 31. Qc4 Qd7 1-0

[Event "Druzynowe Mistrzostwa Polski - II Liga Seniorow"]
[Site "Ustron/Slaski Zwiazek Szachowy"]
[Date "2008.09.14"]
[Round "9.5"]
[White "Lewandowski, Miroslaw"]
[Black "Migala, Andrzej"]
[Result "-"]
[WhiteTitle "k"]
[BlackTitle "I+"]
[WhiteElo "2130"]
[BlackElo "2091"]

1. e4 c5 2. Nf3 d6 3. d4 cxd4 4. Nxd4 Nf6 5. Nc3 a6 6. a4 e5 7. Nb3 b6 8. Bg5
Nbd7 9. Bd3 Be7 10. O-O Bb7 11. Qe2 O-O 12. Rad1 Qc7 13. Kh1 Rfe8 14. Nd2 Nc5
15. Bc4 Ne6 16. Bxf6 Bxf6 17. Nd5 Bxd5 18. exd5 Nd4 19. Qe4 g6 20. c3 Nf5 21.
Qe2 Qb7 22. Ne4 Be7 23. f4 exf4 24. Rxf4 Nh6 25. Rf6 Kg7 26. Qf2 Nf5 27. Rxf5
gxf5 28. Qd4+ Kg8 29. Ng3 Bf8 30. Nxf5 Re5 31. Qg4+ Kh8 32. h3 Rae8 33. Rd3 f6
34. Bxa6 Qf7 35. Bb5 Rd8 36. Qf3 Qg6 37. Nd4 Bh6 38. Rd1 Re3 39. Qf5 Rg8 40.
Qxg6 hxg6 41. Rf1 f5 42. Ne6 Re5 43. Rd1 Kh7 44. Kg1 Rc8 45. Kf2 Kg8 46. Rd3
Kf7 47. Nd4 Rc7 48. Bc6 Rce7 49. Ne6 Bc1 50. b3 R7xe6 51. dxe6+ Kxe6 52. b4 Bb2
53. g4 1/2-1/2

[Event "Druzynowe Mistrzostwa Polski - II Liga Seniorow"]
[Site "Ustron/Slaski Zwiazek Szachowy"]
[Date "2008.09.14"]
[Round "9.6"]
[White "Krestianowa, Tatiana"]
[Black "Maszota, Natalia"]
[Result "-"]
[WhiteTitle ""]
[BlackTitle "k+"]
[WhiteElo "2194"]
[BlackElo "2077"]

1. e4 e6 2. d4 d5 3. e5 c5 4. c3 Qb6 5. Nf3 Bd7 6. Be2 Bb5 7. c4 Bxc4 8. Bxc4
Qb4+ 9. Nbd2 dxc4 10. a3 Qa5 11. O-O b5 12. Ne4 Nd7 13. d5 Be7 14. dxe6 fxe6
15. Nfg5 Qb6 16. Qf3 O-O-O 17. Qf7 Nxe5 18. Qxg7 Ng6 19. Nxh7 e5 20. Bg5 Bxg5
21. Nhxg5 Rd7 22. Nf7 Nh6 23. Nfd6+ Rxd6 24. Nxd6+ Qxd6 25. Rad1 Qc6 26. Rd2
Nf5 27. Qxa7 Nf4 28. f3 Nd4 29. Qg7 Qh6 30. Qxh6 Rxh6 31. Re1 Rg6 32. Kf1 Nd3
33. Re4 b4 34. axb4 cxb4 35. Rxe5 Nxe5 36. Rxd4 Rc6 37. Ke2 Nd3 38. Rxd3 cxd3+
39. Kxd3 b3 40. h4 Rc2 0-1

[Event "Druzynowe Mistrzostwa Polski - II Liga Seniorow"]
[Site "Ustron/Slaski Zwiazek Szachowy"]
[Date "2008.09.14"]
[Round "9.7"]
[White "Hera, Imre"]
[Black "Latas, Boguslaw"]
[Result "-"]
[WhiteTitle "GM"]
[BlackTitle "k"]
[WhiteElo "2518"]
[BlackElo "2299"]

1. Nf3 Nf6 2. c4 g6 3. g3 Bg7 4. Bg2 O-O 5. O-O c5 6. d4 Nc6 7. d5 Na5 8. Nfd2
d6 9. a3 Qc7 10. Qc2 b5 11. cxb5 Bd7 12. a4 Rfc8 13. Nc4 Nxc4 14. Qxc4 a6 15.
bxa6 Rcb8 16. Bd2 Rxb2 17. Bc3 Rbb8 18. Na3 Qc8 19. Rfb1 Rxb1+ 20. Rxb1 Qxa6
21. Qxa6 Rxa6 22. a5 Ne8 23. Bd2 Ra7 24. Rb8 f5 25. e4 Kf7 26. Bf1 Nc7 27. f3
Na6 28. Rb6 c4 29. Be3 Nc7 30. Nxc4 Nb5 31. Rxb5 1-0

[Event "Druzynowe Mistrzostwa Polski - II Liga Seniorow"]
[Site "Ustron/Slaski Zwiazek Szachowy"]
[Date "2008.09.14"]
[Round "9.9"]
[White "Karbowiak, Adam"]
[Black "Kolago, Marcin"]
[Result "-"]
[WhiteTitle "k+"]
[BlackTitle "m"]
[WhiteElo "2194"]
[BlackElo "2340"]

1. Nf3 g6 2. g3 Bg7 3. c4 c5 4. Bg2 Nc6 5. O-O e6 6. Nc3 Nge7 7. d3 O-O 8. Bg5
h6 9. Bd2 Rb8 10. a3 a6 11. Rb1 b5 12. cxb5 axb5 13. b4 cxb4 14. axb4 d5 15.
Na2 e5 16. e4 Bg4 17. Be3 Ra8 18. Nc1 d4 19. Bd2 Qd6 20. Nb3 Ra2 21. h3 Be6 22.
Nc5 Rfa8 23. Qc1 Kh7 24. Nxe6 Qxe6 25. Rb2 Rxb2 26. Qxb2 Qa2 27. Rb1 Qxb2 28.
Rxb2 Ra1+ 29. Ne1 Bf8 30. f4 Nc8 31. Kf2 Nb6 32. Nf3 Na4 33. Rc2 Nxb4 34. Bxb4
Bxb4 35. Rc7 Ra2+ 36. Kg1 exf4 37. gxf4 Kg8 38. e5 Bc5 39. Nh4 Bb6 40. Rb7 Rc2
41. Bd5 Rc7 42. Rxc7 Bxc7 43. Nxg6 Nc3 44. Bb3 Ne2+ 45. Kf1 Nc1 46. Ne7+ Kf8
47. Nd5 Ba5 48. Bc2 Bd2 49. Kf2 b4 50. Kf3 b3 51. Bd1 b2 52. Bc2 Ba5 53. Ke4
Nb3 54. f5 Be1 55. e6 fxe6 56. fxe6 Bh4 57. Ke5 Be7 58. Nf4 Nd2 59. Kxd4 b1=Q
60. Bxb1 Nxb1 61. Ke5 Nd2 62. d4 Bg5 63. d5 Nc4+ 64. Kd4 Nd6 65. Ke5 Nc4+ 66.
Kd4 Nd6 67. Ke5 Bxf4+ 1-0

[Event "Druzynowe Mistrzostwa Polski - II Liga Seniorow"]
[Site "Ustron/Slaski Zwiazek Szachowy"]
[Date "2008.09.14"]
[Round "9.10"]
[White "Seifert, Henryk"]
[Black "Pacuszka, Tomasz"]
[Result "-"]
[WhiteTitle "FM"]
[BlackTitle "FM"]
[WhiteElo "2235"]
[BlackElo "2291"]

1. b4 a5 2. b5 e5 3. Bb2 d6 4. e3 Nf6 5. c4 Be7 6. Nc3 O-O 7. Nf3 c6 8. Be2
Nbd7 9. Qc2 Re8 10. O-O Bf8 11. d4 Qc7 12. Rac1 h6 13. Rfd1 c5 14. Nd5 Nxd5 15.
cxd5 b6 16. dxe5 Nxe5 17. Nd2 Bb7 18. f4 Nd7 19. Nc4 Be7 20. Bg4 Bc8 21. e4 Rb8
22. e5 Nxe5 23. Nxe5 dxe5 24. Bxc8 Rbxc8 25. fxe5 Bg5 26. d6 Qd7 27. Rb1 Re6
28. Qc4 Rce8 29. Rd3 Kh8 30. Rf1 Rf8 31. Rdf3 Bd8 32. a4 Kg8 33. Qd5 Rg6 34. g3
h5 35. Qe4 Qe6 36. Qf5 h4 37. Kg2 Qd5 38. Qd3 Qe6 39. R1f2 Rh6 40. Qf5 Qd5 41.
Qd3 Qe6 42. Bc1 Rh5 43. Rf5 Rxf5 44. Qxf5 Qd5+ 45. Kh3 g6 46. Qf4 hxg3 47. Kxg3
Re8 48. Bb2 Qe6 49. Qg4 f5 50. exf6 Qxg4+ 51. Kxg4 Kf7 52. Kg5 Rh8 53. Rd2 Rh5+
54. Kg4 Rf5 55. d7 Ke6 56. h4 Rf1 57. Kg5 Kf7 58. Rd6 Rf2 59. Bc3 Rf3 60. Bb2
Rf2 61. Rc6 Rxb2 62. Rc8 Bxf6+ 1/2-1/2

[Event "Druzynowe Mistrzostwa Polski - II Liga Seniorow"]
[Site "Ustron/Slaski Zwiazek Szachowy"]
[Date "2008.09.14"]
[Round "9.11"]
[White "Sciborowski, Miroslaw"]
[Black "Milanowski, Jan"]
[Result "-"]
[WhiteTitle "k"]
[BlackTitle "I++"]
[WhiteElo "2087"]
[BlackElo "2080"]

1. d4 d6 2. Nf3 Nf6 3. g3 c6 4. Bg2 Qc7 5. O-O e5 6. a4 a5 7. b3 Be7 8. dxe5
dxe5 9. Bb2 Nfd7 10. Nbd2 O-O 11. Nc4 f6 12. e4 Nc5 13. Nh4 Rd8 14. Qh5 Be6 15.
Ne3 Nba6 16. f4 Nd7 17. Nef5 Bf8 18. Bh3 Bf7 19. Qg4 Kh8 20. Rad1 Nac5 21. Ne3
Ne6 22. Kh1 b5 23. Nf3 Bc5 24. Ng2 Nef8 25. fxe5 Be6 26. Qh5 Bxh3 27. Qxh3 Nxe5
28. Bxe5 Rxd1 29. Rxd1 fxe5 30. Ng5 Qe7 31. Qf5 Qf6 32. Nf7+ Kg8 33. Nxe5 Re8
34. Qxf6 gxf6 35. Nxc6 bxa4 36. bxa4 Rxe4 37. Nxa5 Rxa4 38. Nb3 Be7 39. Nf4 Rc4
40. Nd5 Bd8 41. Ne3 Rc8 42. c4 Bb6 43. c5 Bxc5 44. Rc1 Nd7 45. Nf5 Rc7 46. Ne7+
Kf7 47. Nd5 Rc6 48. Nf4 Rc7 49. Nxc5 Nb8 1/2-1/2

[Event "Druzynowe Mistrzostwa Polski - II Liga Seniorow"]
[Site "Ustron/Slaski Zwiazek Szachowy"]
[Date "2008.09.14"]
[Round "9.12"]
[White "Wesolowska, Hanna"]
[Black "Czarnota, Dorota"]
[Result "-"]
[WhiteTitle "WFM"]
[BlackTitle "WIM"]
[WhiteElo "2054"]
[BlackElo "2229"]

1. d4 d5 2. Nf3 Nf6 3. Bf4 c5 4. e3 Qb6 5. Qc1 Nc6 6. dxc5 Qxc5 7. Nbd2 Bf5 8.
c3 Rc8 9. h3 e6 10. Nd4 Nxd4 11. exd4 Qc6 12. Qd1 Be7 13. Nf3 Nd7 14. Bd3 Bg6
15. O-O O-O 16. Re1 b5 17. a3 a5 18. Bg5 Bd6 19. Ne5 Nxe5 20. dxe5 Bc5 21. Qe2
Bxd3 22. Qxd3 Qb6 23. Qg3 Rfe8 24. Re2 Rc6 25. Rd1 b4 26. axb4 axb4 27. Rd3
Rec8 28. cxb4 Bxb4 29. Rb3 Qd4 30. Qd3 Qxd3 31. Rxd3 h6 32. Be3 Rc4 33. f3 Be7
34. Rd4 R4c6 35. Ra4 Rb8 36. Ra7 Bb4 37. Kf2 Rc4 38. Rd7 Bc5 39. Kg3 Bxe3 40.
Rxe3 Rxb2 41. Ra3 Rcc2 42. Ra8+ Kh7 43. Rxf7 Rxg2+ 44. Kf4 Rg5 45. Ra4 Rh2 46.
Ra6 Rg6 47. Re7 Rxh3 48. Raxe6 Rgg3 49. Rd6 Rxf3+ 50. Kg4 Rhg3+ 51. Kh4 Rg5 52.
Rxd5 Re3 53. Rc5 Re1 0-1

[Event "Druzynowe Mistrzostwa Polski - II Liga S"]
[Site "Ustron/Slaski Zwiazek Szachowy"]
[Date "2008.09.14"]
[Round "9.13"]
[White "Cichocki, Adam"]
[Black "Wisniewski, Adrian"]
[Result "1/2-1/2"]
[WhiteElo "2320"]
[BlackElo "2361"]
[PlyCount "22"]
[EventDate "2008.??.??"]

1. d4 Nf6 2. c4 g6 3. Nc3 Bg7 4. Nf3 d6 5. g3 O-O 6. Bg2 Nc6 7. O-O a6 8. d5
Na5 9. Qd3 c5 10. dxc6 Nxc6 11. Bf4 Be6 1/2-1/2

[Event "Druzynowe Mistrzostwa Polski - II Liga S"]
[Site "Ustron/Slaski Zwiazek Szachowy"]
[Date "2008.09.14"]
[Round "9.14"]
[White "Chojnacki, Slawomir"]
[Black "Dlugosz, Jedrzej"]
[Result "1-0"]
[WhiteElo "2263"]
[BlackElo "2340"]
[PlyCount "32"]
[EventDate "2008.??.??"]

1. d4 Nf6 2. Nf3 g6 3. Bf4 Bg7 4. e3 O-O 5. Be2 d6 6. h3 Nfd7 7. c3 e5 8. dxe5
dxe5 9. Bg3 Qe7 10. h4 f5 11. Qd2 Nc6 12. Ng5 Nb6 13. Na3 h6 14. Nh3 Be6 15. f3
Rad8 16. Qc2 Nd5 {zapis nieczytelny} 1-0

[Event "Druzynowe Mistrzostwa Polski - II Liga S"]
[Site "Ustron/Slaski Zwiazek Szachowy"]
[Date "2008.09.14"]
[Round "9.15"]
[White "Murawski, Wieslaw"]
[Black "Zgadzaj, Rafal"]
[Result "1/2-1/2"]
[WhiteElo "2097"]
[BlackElo "2245"]
[PlyCount "111"]
[EventDate "2008.??.??"]

1. e4 d6 2. d4 g6 3. Nc3 Nf6 4. Nf3 c6 5. a4 Bg7 6. Be2 O-O 7. h3 Qc7 8. O-O
Nbd7 9. a5 Re8 10. Be3 e5 11. dxe5 Nxe5 12. Nxe5 dxe5 13. Bc4 Nh5 14. Ne2 Nf4
15. c3 Bf8 16. Qb3 Rd8 17. Rfd1 Nxe2+ 18. Bxe2 Be6 19. Bc4 Bxc4 20. Qxc4 Rxd1+
21. Rxd1 Rd8 22. Rxd8 Qxd8 23. b4 a6 24. Kh2 h5 25. Qe2 c5 26. Qc4 cxb4 27.
cxb4 Qd7 28. Bb6 Be7 29. Bc5 Qc7 30. Qd5 Bxc5 31. bxc5 Qxa5 32. Qxe5 Qd8 33. f4
f6 34. Qe6+ Kf8 35. e5 Qe7 36. Qc8+ Kg7 37. exf6+ Kxf6 38. c6 bxc6 39. Qxc6+
Qe6 40. Qc5 Kf7 41. Qc7+ Kf6 42. Qc5 Kg7 43. Qa7+ Kh6 44. Qd4 Kh7 45. Qa7+ Kg8
46. Qa8+ Kf7 47. Qa7+ Kg8 48. Qa8+ Kh7 49. Qa7+ Kh6 50. Qd4 g5 51. fxg5+ Kxg5
52. Qg7+ Kf4 53. Qd4+ Kg5 54. Qg7+ Qg6 55. Qe5+ Qf5 56. Qg7+ 1/2-1/2

[Event "Druzynowe Mistrzostwa Polski - II Liga S"]
[Site "Ustron/Slaski Zwiazek Szachowy"]
[Date "2008.09.14"]
[Round "9.16"]
[White "Najbar, Marcin"]
[Black "Bugalski, Michal"]
[Result "0-1"]
[WhiteElo "2230"]
[BlackElo "2279"]
[PlyCount "78"]
[EventDate "2008.??.??"]

1. e4 e6 2. d3 c5 3. Nf3 d5 4. Nbd2 Nc6 5. g3 g6 6. Bg2 Bg7 7. O-O Nge7 8. Re1
b6 9. c3 a5 10. exd5 exd5 11. d4 cxd4 12. Nxd4 Nxd4 13. cxd4 O-O 14. Nf3 Bg4
15. Bf4 Nc6 16. Rc1 Rc8 17. Be3 Re8 18. h3 Bf5 19. Qa4 Qd7 20. Qb3 Nb4 21. Ne5
Bxe5 22. dxe5 Bc2 23. Qa3 d4 24. Bd2 Nd3 25. Rxc2 Nxe1 26. Rxc8 Rxc8 27. Be4
Nc2 28. Qb3 Nb4 29. a3 Nc6 30. Qxb6 Nxe5 31. b3 a4 32. f4 Qxh3 33. fxe5 Qxg3+
34. Bg2 Qxe5 35. b4 Rc2 36. Qd8+ Kg7 37. Bg5 Qe1+ 38. Kh2 Qe5+ 39. Kh1 h6 0-1

[Event "Druzynowe Mistrzostwa Polski - II Liga S"]
[Site "Ustron/Slaski Zwiazek Szachowy"]
[Date "2008.09.14"]
[Round "9.17"]
[White "Kempinski, Tomasz"]
[Black "Malecki, Rafal"]
[Result "1-0"]
[WhiteElo "2260"]
[BlackElo "2118"]
[PlyCount "71"]
[EventDate "2008.??.??"]

1. e4 d6 2. d4 Nf6 3. Nc3 g6 4. h3 Bg7 5. g4 c5 6. d5 O-O 7. Bg2 Na6 8. Nge2
Rb8 9. a4 Nb4 10. O-O Ne8 11. Ng3 e6 12. Be3 f5 13. exf5 exf5 14. gxf5 Bxf5 15.
Nxf5 Rxf5 16. Qe2 Nf6 17. Rad1 Qe7 18. Rd2 Re8 19. Qc4 Nh5 20. Re2 Be5 21. Rfe1
Qf8 22. Ne4 Na6 23. c3 Nf4 24. Bxf4 Rxf4 25. Qb5 Qe7 26. Nxd6 Ref8 27. Nc4 Qh4
28. Nxe5 Rxf2 29. Ng4 R2f4 30. Rf1 Rxf1+ 31. Bxf1 h5 32. Ne3 Qg3+ 33. Bg2 Rf7
34. Qe8+ Kg7 35. Nf1 Qd3 36. Re7 1-0

[Event "Druzynowe Mistrzostwa Polski - II Liga S"]
[Site "Ustron/Slaski Zwiazek Szachowy"]
[Date "2008.09.14"]
[Round "9.18"]
[White "Kupczyk, Edyta"]
[Black "Bukowska, Katarzyna"]
[Result "1/2-1/2"]
[WhiteElo "2110"]
[BlackElo "2040"]
[PlyCount "27"]
[EventDate "2008.??.??"]

1. Nf3 d5 2. d4 Nf6 3. c4 e6 4. g3 Be7 5. Bg2 O-O 6. O-O b6 7. Ne5 Bb7 8. Qc2
Na6 9. b3 c5 10. dxc5 Nxc5 11. Bb2 Rc8 12. Rd1 Qc7 13. Nd2 dxc4 14. Ndxc4
1/2-1/2

[Event "Druzynowe Mistrzostwa Polski - II Liga S"]
[Site "Ustron/Slaski Zwiazek Szachowy"]
[Date "2008.09.14"]
[Round "9.19"]
[White "Czyz, Artur"]
[Black "Warszawski, Bartosz"]
[Result "1/2-1/2"]
[WhiteElo "2081"]
[BlackElo "2277"]
[PlyCount "58"]
[EventDate "2008.??.??"]

1. e4 c5 2. Nf3 Nc6 3. d3 g6 4. g3 Bg7 5. Bg2 d6 6. O-O Nf6 7. c3 O-O 8. Nbd2
e5 9. Nc4 b5 10. Ne3 Bd7 11. Nh4 Re8 12. f4 exf4 13. gxf4 b4 14. Nf3 Rb8 15. e5
dxe5 16. Nc4 e4 17. Ng5 Bf5 18. Ne5 Nxe5 19. fxe5 Ng4 20. d4 bxc3 21. bxc3 cxd4
22. cxd4 Rb4 23. h3 Qxd4+ 24. Qxd4 Rxd4 25. hxg4 Bxg4 26. Nxf7 Bf3 27. Nh6+
Bxh6 28. Bxh6 Rxe5 29. Be3 Ra4 1/2-1/2

[Event "Druzynowe Mistrzostwa Polski - II Liga S"]
[Site "Ustron/Slaski Zwiazek Szachowy"]
[Date "2008.09.14"]
[Round "9.20"]
[White "Kaim, Piotr"]
[Black "Swicarz, Maciej"]
[Result "0-1"]
[WhiteElo "2227"]
[BlackElo "2284"]
[PlyCount "82"]
[EventDate "2008.??.??"]

1. Nf3 d5 2. c4 d4 3. g3 Nc6 4. Bg2 e5 5. O-O Nf6 6. d3 Be7 7. b4 Bxb4 8. Nxe5
Nxe5 9. Qa4+ Nfd7 10. Qxb4 a5 11. Qa4 O-O 12. Ba3 Re8 13. Nd2 Ra7 14. c5 Nf8
15. Nf3 Nc6 16. Rfe1 Ne6 17. Rab1 Qf6 18. Nd2 Bd7 19. Ne4 Qe7 20. Qc2 h6 21.
Rb3 Ned8 22. Rbb1 Ne6 23. Rbc1 Ned8 24. Qb1 Be6 25. Qa1 Qd7 26. Bb2 a4 27. e3
a3 28. Bxd4 Nxd4 29. Qxd4 Re7 30. Qxd7 Rxd7 31. Rc3 Nc6 32. Nd2 Nb4 33. Nc4
Rxd3 34. Rec1 Rxc3 35. Rxc3 Bxc4 36. Rxc4 Nxa2 37. Be4 Nc3 38. Rxc3 a2 39. Rc1
a1=Q 40. Rxa1 Rxa1+ 41. Kg2 b5 0-1

[Event "Druzynowe Mistrzostwa Polski - II Liga S"]
[Site "Ustron/Slaski Zwiazek Szachowy"]
[Date "2008.09.14"]
[Round "9.21"]
[White "Rudnicki, Milosz"]
[Black "Chalupnik, Marcin"]
[Result "1/2-1/2"]
[WhiteElo "2197"]
[BlackElo "2244"]
[PlyCount "30"]
[EventDate "2008.??.??"]

1. e4 c5 2. Nf3 d6 3. d4 cxd4 4. Nxd4 Nf6 5. Nc3 g6 6. Be3 Bg7 7. f3 O-O 8. Qd2
Nc6 9. Bc4 Na5 10. Bb3 Nd7 11. h4 Nb6 12. Qe2 Nxb3 13. axb3 d5 14. exd5 Nxd5
15. Nxd5 Qxd5 1/2-1/2

5 1/2-1/2

[Event "Druzynowe Mistrzostwa Polski - II Liga S"]
[Site "Ustron/Slaski Zwiazek Szachowy"]
[Date "2008.09.14"]
[Round "9.22"]
[White "Rams, Michal"]
[Black "Lercel, Michal"]
[Result "1/2-1/2"]
[WhiteElo "2244"]
[BlackElo "2178"]
[PlyCount "120"]
[EventDate "2008.??.??"]

1. e4 c5 2. Nf3 Nc6 3. Bb5 d6 4. O-O Bd7 5. Re1 a6 6. Bf1 Bg4 7. h3 Bxf3 8.
Qxf3 g6 9. c3 Bg7 10. Na3 Nf6 11. Nc2 Nd7 12. Qd1 Qb6 13. d3 O-O 14. f4 Rac8
15. Kh1 Qa5 16. Be3 Nf6 17. g4 b5 18. a3 Qc7 19. Bg2 Rfd8 20. g5 Nd7 21. Rc1
Nb6 22. Re2 a5 23. Ne1 b4 24. axb4 axb4 25. h4 Ra8 26. h5 bxc3 27. bxc3 Ra3 28.
h6 Bh8 29. d4 Nc4 30. Bf2 Nb6 31. Nf3 Na4 32. Be1 cxd4 33. cxd4 Qd7 34. d5 Na7
35. Rec2 Nb5 36. Rc4 Nb2 37. Qe2 Nxc4 38. Rxc4 Rda8 39. e5 dxe5 40. Nxe5 Qf5
41. Nc6 Qd3 42. Qxd3 Rxd3 43. Bb4 Kf8 44. Nxe7 Ke8 45. Nc6 Nd4 46. d6 Ra1+ 47.
Kh2 Ra2 48. Rc1 Nf3+ 49. Kh1 Ra1 50. Rxa1 Bxa1 51. Bh3 Nxg5 52. Bf1 Rd1 53. Kg2
Ne4 54. Be2 Rxd6 55. Bxd6 Nxd6 56. Bd3 Kd7 57. Nb4 Ke6 58. Kf3 Nf5 59. Bxf5+
Kxf5 60. Nd3 Bf6 1/2-1/2

[Event "Druzynowe Mistrzostwa Polski - II Liga S"]
[Site "Ustron/Slaski Zwiazek Szachowy"]
[Date "2008.09.14"]
[Round "9.24"]
[White "Zajkowska, Olga"]
[Black "Poznanska, Katarzyna"]
[Result "0-1"]
[WhiteElo "1887"]
[BlackElo "2090"]
[PlyCount "82"]
[EventDate "2008.??.??"]

1. d4 Nf6 2. c4 g6 3. Nc3 Bg7 4. e4 d6 5. f3 Nbd7 6. Nh3 c5 7. d5 a6 8. Be2 O-O
9. Bg5 h6 10. Be3 Ne5 11. Nf2 b5 12. cxb5 axb5 13. Bxb5 Ba6 14. Bxa6 Rxa6 15.
O-O Nc4 16. Qe2 Nxe3 17. Qxa6 Nxf1 18. Kxf1 Nh5 19. Nfd1 Be5 20. g3 f5 21. Qd3
Qc8 22. exf5 Rxf5 23. Ke2 Bd4 24. Ne3 Re5 25. Qxg6+ Ng7 26. Ncd1 Qh3 27. f4
Qxh2+ 28. Kd3 Rh5 29. Rc1 Qg1 30. Rc2 Rh3 31. Rg2 Qe1 32. Qg4 Rh1 33. Re2 Qa5
34. Nc3 Rc1 35. Ned1 Bf6 36. Rh2 Qb4 37. Rxh6 Qd4+ 38. Ke2 Rc2+ 39. Kf1 Qd3+
40. Ke1 Qd2+ 41. Kf1 Qg2+ 0-1

[Event "Druzynowe Mistrzostwa Polski - II Liga S"]
[Site "Ustron/Slaski Zwiazek Szachowy"]
[Date "2008.09.14"]
[Round "9.25"]
[White "Babik, Tomasz"]
[Black "Maciejczak, Jakub"]
[Result "0-1"]
[WhiteElo "2229"]
[BlackElo "2344"]
[PlyCount "78"]
[EventDate "2008.??.??"]

1. d4 d5 2. c4 e6 3. Nc3 Nf6 4. Bg5 Nbd7 5. e3 c6 6. Nf3 Qa5 7. Nd2 Bb4 8. Qc2
O-O 9. Be2 c5 10. Bxf6 Nxf6 11. Nb3 Qc7 12. a3 dxc4 13. Nxc5 Bxc5 14. dxc5 Qxc5
15. Qa4 Qb6 16. O-O-O a6 17. Bxc4 Qc7 18. Be2 Bd7 19. Qd4 Rfd8 20. Bf3 Rac8 21.
Qd6 Qa5 22. Qb4 Qxb4 23. axb4 Rc7 24. Rd6 Kf8 25. Rhd1 Ke7 26. Kb1 Rb8 27. e4
Bc6 28. e5 Nd7 29. Bxc6 bxc6 30. f4 Rxb4 31. g3 g5 32. R1d4 a5 33. Ne4 gxf4 34.
gxf4 Rcb7 35. Kc1 c5 36. Rxb4 Rxb4 37. Nc3 Rxf4 38. Ra6 Nxe5 39. Rxa5 Rf2 0-1

[Event "Druzynowe Mistrzostwa Polski - II Liga S"]
[Site "Ustron/Slaski Zwiazek Szachowy"]
[Date "2008.09.14"]
[Round "9.26"]
[White "Jaroch, Karol"]
[Black "Nurkiewicz, Maciej"]
[Result "1/2-1/2"]
[WhiteElo "2158"]
[BlackElo "2384"]
[PlyCount "115"]
[EventDate "2008.??.??"]

1. e4 e5 2. Nf3 Nc6 3. Bb5 a6 4. Ba4 Nf6 5. O-O Be7 6. c3 Nxe4 7. Bxc6 dxc6 8.
Nxe5 O-O 9. d4 Nf6 10. c4 Bd6 11. f4 c5 12. d5 Re8 13. Nc3 Bf5 14. Qf3 Qc8 15.
h3 h5 16. Bd2 g6 17. Rae1 Bf8 18. Nd1 h4 19. Nf2 Nh5 20. Neg4 Bg7 21. Bc3 f6
22. Rxe8+ Qxe8 23. Re1 Qf8 24. Ne3 Ng3 25. Nxf5 gxf5 26. Nh1 Ne4 27. Qh5 Re8
28. Qxh4 b5 29. Ba5 Qf7 30. b3 b4 31. Ng3 Nxg3 32. Qxg3 Rxe1+ 33. Qxe1 Bf8 34.
Qg3+ Kh7 35. Qd3 Qd7 36. Kf2 Bd6 37. g3 Kg6 38. h4 Qh7 39. Qe2 Qh5 40. Qxh5+
Kxh5 41. Kf3 Kg6 42. Ke2 Kh5 43. Kd2 Kg4 44. Kc2 Kxg3 45. h5 Bxf4 46. Kd3 Kg2
47. Kc2 Be5 48. h6 f4 49. h7 f3 50. h8=Q f2 51. Qg7+ Kf3 52. Bxc7 f1=Q 53. Bxe5
Qe2+ 54. Kc1 Qxe5 55. Qh7 Qe1+ 56. Kb2 Qd2+ 57. Qc2 Qd4+ 58. Kc1 1/2-1/2

[Event "Druzynowe Mistrzostwa Polski - II Liga S"]
[Site "Ustron/Slaski Zwiazek Szachowy"]
[Date "2008.09.14"]
[Round "9.27"]
[White "Protaziuk, Grzegorz"]
[Black "Jaroch, Pawel"]
[Result "1-0"]
[WhiteElo "2328"]
[BlackElo "2255"]
[PlyCount "75"]
[EventDate "2008.??.??"]

1. d4 Nf6 2. Nf3 g6 3. Bf4 Bg7 4. e3 d5 5. h3 O-O 6. Be2 c6 7. O-O Nbd7 8. c4
a6 9. Nc3 b5 10. cxd5 cxd5 11. Qb3 Nb6 12. Rfc1 Nc4 13. a4 Bd7 14. axb5 axb5
15. Qb4 Re8 16. b3 e5 17. bxc4 exf4 18. Rxa8 Qxa8 19. cxb5 fxe3 20. fxe3 Rxe3
21. b6 Bc6 22. Ne5 Bf8 23. Qb1 Bb7 24. Bf3 Ba3 25. Rc2 Qa5 26. Qb5 Qxb5 27.
Nxb5 Ne8 28. Nc7 Nd6 29. Bxd5 Re1+ 30. Kf2 Rb1 31. Bxb7 Nxb7 32. Nd5 Rb2 33.
Rxb2 Bxb2 34. Ke3 Nd6 35. Kd3 Bc1 36. Nd7 Nb7 37. Nc5 Na5 38. Nb3 1-0

[Event "Druzynowe Mistrzostwa Polski - II Liga S"]
[Site "Ustron/Slaski Zwiazek Szachowy"]
[Date "2008.09.14"]
[Round "9.28"]
[White "Ziolkowski, Dawid"]
[Black "Sliwerski, Radoslaw"]
[Result "0-1"]
[WhiteElo "2183"]
[BlackElo "2165"]
[PlyCount "68"]
[EventDate "2008.??.??"]

1. e4 c5 2. Nf3 d6 3. c3 Nf6 4. Be2 Bd7 5. e5 dxe5 6. Nxe5 Nc6 7. d4 cxd4 8.
cxd4 Nxe5 9. dxe5 Qa5+ 10. Bd2 Qxe5 11. Bc3 Qd5 12. Nd2 Bc6 13. Nf3 e6 14. O-O
Qxd1 15. Rfxd1 Bc5 16. Rac1 Ne4 17. Bd4 Bxd4 18. Nxd4 Bd5 19. Nb5 O-O 20. Nc7
Rad8 21. Nxd5 Rxd5 22. Rxd5 exd5 23. Rc7 Re8 24. Bb5 Rb8 25. f3 Nf6 26. Kf2 Kf8
27. Ke3 a6 28. Ba4 b5 29. Bb3 Re8+ 30. Kd4 Re2 31. Rc2 Re6 32. Rc8+ Ke7 33.
Rc7+ Kd8 34. Rc5 Re2 0-1

[Event "Druzynowe Mistrzostwa Polski - II Liga S"]
[Site "Ustron/Slaski Zwiazek Szachowy"]
[Date "2008.09.14"]
[Round "9.29"]
[White "Siekierski, Pawel"]
[Black "Jozwicki, Jakub"]
[Result "1/2-1/2"]
[WhiteElo "2083"]
[BlackElo "2220"]
[PlyCount "91"]
[EventDate "2008.??.??"]

1. d4 f5 2. Bg5 g6 3. e3 Bg7 4. Nf3 c5 5. c3 Qb6 6. Qc2 d6 7. Nbd2 h6 8. Bh4
cxd4 9. cxd4 Be6 10. Be2 Nc6 11. O-O Nf6 12. Nc4 Qd8 13. Bxf6 Bxf6 14. Rfd1 O-O
15. a3 Na5 16. Nxa5 Qxa5 17. b4 Qb6 18. Rac1 Rfc8 19. Qd2 Bb3 20. Rxc8+ Rxc8
21. Rc1 Rxc1+ 22. Qxc1 Qc6 23. Qxc6 bxc6 24. Nd2 Be6 25. Bf3 Bd5 26. Bxd5+ cxd5
27. Kf1 e5 28. Nb3 Kf7 29. Ke2 Ke7 30. Kd3 Kd7 31. b5 Kc7 32. a4 Kb6 33. Kc3 a6
34. bxa6 Kxa6 35. Kd3 Kb6 36. Ke2 h5 37. f4 exd4 38. exd4 Ka6 39. Kf3 Kb6 40.
h3 Ka6 41. g3 Kb6 42. h4 Ka6 43. Ke3 Bd8 44. Kf3 Bb6 45. Ke3 Ba5 46. Ke2
1/2-1/2